| 000 | 01131nam a2200301 i 4500 | ||
|---|---|---|---|
| 003 | EG-GICUC | ||
| 005 | 20260218114733.0 | ||
| 008 | 260218s2001 -uaabd|fr|||| 000 0 eng d | ||
| 040 |
_aEG-GiCUC _beng _cEG-GiCUC _dEG-GiCUC _erda |
||
| 041 | 0 | _aeng | |
| 082 | 0 | 4 |
_221 _a341.762 _bRE |
| 092 | 0 | 4 | _221 |
| 099 | _aLaw1 11 341.762 RE 2001 | ||
| 245 | 0 | 4 |
_aRegional Strategy for the Utilisation of the Nubian Sandstone Aquifer System / _nVolume II, _pHydrogeology. |
| 264 | 1 |
_aCairo : _bInternational Fund For Agricultural Development, _c2001. |
|
| 300 |
_a166, 22 pages : _billustrations, _c24 cm |
||
| 336 |
_2rda content _atext |
||
| 337 |
_2rda media _aComputer |
||
| 338 |
_2rda carrier _aOnline Resource |
||
| 490 | _aProgramme for the Development of a Regional Strategy for the Utilisation of the Nubian Sandstone Aquifer System | ||
| 546 | _aText in English | ||
| 650 | 1 | 4 |
_aPublic international law _2qrmak |
| 651 | 1 | _2qrmak | |
| 710 | 1 | _aCentre For Environment & Development For The Arab Region And Europe | |
| 856 | 4 | 0 | _uhttps://fll.law.cu.edu.eg/fulltext/bks/B11-08072.pdf |
| 905 | _a48 | ||
| 942 |
_2ddc _cBK _e21 _n0 |
||
| 999 |
_c63532 _d63532 |
||